000 00828nab a2200253 a 4500
005 20230214064111.0
008 991125s1985 mx 000 0 spa u
035 _aUPN01000199845
049 _aART
100 1 _aSouza, Elizeu Clementino de
100 1 _uesclementino@uol.com.br
100 1 _aSerrano Castañeda, José Antonio
_930005
100 1 _userrano_aj@hotmail.com
100 1 _aRamos Morales, Juan Mario
100 1 _ujuanmarioramos@hotmail.com
222 _aREVISTA MEXICANA DE INVESTIGACION EDUCATIVA
245 _aAutobiografía y educación : tradiciones, diálogos y metodologías
300 _a683-694
362 0 _a2014 Vol. 19, no. 62 (3)
653 0 _aINVESTIGACION AUTOBIOGRAFICA
653 0 _aAUTOBIOGRAFIA
856 4 _uhttp://www.redalyc.org/pdf/140/14031461002.pdf
905 _aArticulo
999 _c171946
_d171946